NFL Quiz - Statistics

General Stats
  • This quiz has been taken 42 times
  • The average score is 8 of 10
Answer Stats
Question Answer % Correct
Who is considered the GOAT of the NFL? Tom Brady
100%
Which of these NFL players have won a Super Bowl Ring before? Brett Favre
87%
Which of these NFL defenders have won any Defensive Player Award? (DPOY and DROY) Myles Garret
87%
What NFL coach has the most Super Bowl wins of all time? Bill Belicheck
85%
Who is the Leagues All Time best rusher in yards? Emmitt Smith
82%
Which NFL player has thrown the most interceptions? Brett Farve
77%
Which of these NFL have been Number 1 overall picks? Jameis Winston
77%
Which of these NFL have been traded to another team? (Not including free agency) Micheal Vick
67%
Which of these NFL players have won a Super Bowl MVP? Von Miller
64%
What NFL legend retired at the end of the 2023 NFL season? Aaron Donald
44%
No matching quizzes found
Score Distribution
Percent of People with Each Score
Percentile by Number Answered
Your Score History
You have not taken this quiz